Statistics for Name a Valid Country Bordering Each Sea

Click here to take the quiz!

General Stats

  • This quiz has been taken 17,025 times
    (16,963 since last reset)
  • The average score is 14 of 17

Answer Stats

Sea A country that borders it % Correct
CaribbeanCuba | Haiti | Mexico | Venezuela | +17 others
100%
BalticDenmark | Estonia | Finland | Germany | Latvia | Lithuania | Poland | Russia | Sweden
97%
NorthBelgium | Denmark | France | Germany | Netherlands | Norway | United Kingdom
96%
ArabianIndia | Oman | Pakistan | Somalia | Yemen | Iran
95%
BlackBulgaria | Georgia | Romania | Russia | Turkey | Ukraine
92%
RedEgypt | Djibouti | Eritrea | Israel | Jordan | Saudi Arabia | Sudan | Yemen
91%
YellowChina | North Korea | South Korea
89%
TasmanAustralia | New Zealand
88%
BeringRussia | United States
87%
AegeanGreece | Turkey
86%
DeadIsrael | Jordan
83%
AdriaticAlbania | Bosnia and Herzegovina | Croatia | Italy | Montenegro | Slovenia
83%
CaspianAzerbaijan | Iran | Kazakhstan | Russia | Turkmenistan
82%
CoralAustralia | Papua New Guinea | Solomon Islands | Vanuatu
72%
East *Japan | North Korea | Russia | South Korea
70%
AndamanIndia | Indonesia | Malaysia | Myanmar | Thailand
51%
LaccadiveIndia | Maldives | Sri Lanka
35%

Score Distribution

Percentile by Number Answered

Percent of People with Each Score

Your Score History

You have not taken this quiz since the last reset